01708 a2200193 45000010006000000050017000060080041000230030015000640400040000790800038001192450088001570200022002452640044002673000025003115051049003360410008013851000023013938560098014164073320260407155703.0260407a2014 arg spa dAR-UNSa-BCEJYS aAR-UNSa-BCEJYSbspacAR-UNSa-BCEJYS a336.71xBancos. Sistema bancario 10aCentral bankingptheory and practice in sustaining monetary and financial stability a978-1-118-83246-2 1aFusionopolis :bJohn Wiley & Sonsc2014 axiii, 318 p.c26 cm. a1. A Brief Look at Central Banking History - 2. A Brief Overview of the International Monetary System - 3. Modern Central Banking Roles and Functions: What Exactly Is a Central Bank? - 4. A Brief Review of Modern Central Banking Mandates: What Are the Goals That Modern Central Banks Try to Achieve? - 5. Theoretical Foundations of the Practice of Modern Monetary Policy - 6. Monetary Policy Regimes: What Monetary Policy Rules a Central Bank Can Use to Achieve Monetary Stability - 7. Monetary Policy Implementation: Financial Market Operations - 8. The Monetary Policy Transmission Mechanism: How Changes in Interest Rates Affect Households, Firms, Financial Institutions, Economic Activity, and Inflation - 9. The Exchange Rate and Central Banking - 10. Financial Stability: Definition, Analytical Framework, and Theoretical Foundation - 11. Financial Stability: Monitoring and Identifying Risks - 12. Financial Stability: Intervention Tools - 13. Future Challenges for Central Banking - 14. Future Central Banking Strategy and Its Execution aspa1 aMoenjak, Thammarak41uhttps://biblioeco.unsa.edu.ar/pmb/images/libros/L126241_01.jpgyImagen de portadaqimage/jpeg